| 000 | 00486nam a22001577a 4500 | ||
|---|---|---|---|
| 005 | 20260105153511.0 | ||
| 008 | 260105b |||||||| |||| 00| 0 eng d | ||
| 020 | _a978-81-19403-83-7 | ||
| 100 | _aCHANDRAN, SHARATH | ||
| 245 | _aCONCISE COMMENTARY ON BHARATIYA SASHYA ADHINIYAM, 2023 | ||
| 260 |
_aHARYANA, INDIA _bLEXISNEXIS _c2024 |
||
| 300 | _aXLIX, 129P. | ||
| 500 | _aINCLUDES SUBJECT INDEX | ||
| 650 | _a1. CRIMINAL PROCEDURE, INDIA 2. CRIMINAL LAW -INDIA | ||
| 942 |
_2lcc _cBK |
||
| 999 |
_c216400 _d216400 |
||